Broadway Show by Character II Quiz Stats

 Plays Quiz Updated Mar 20, 2019

Score 0/20 Timer 06:00
4 Plays Today
Characters Musical % Correct
Simba, Scar, MufasaThe Lion King
96.4%
Maria, Liesl, KurtThe Sound of Music
87.8%
Maria, Anita, RiffWest Side Story
70.1%
Eliza, Alfred, Pickering My Fair Lady
67.5%
Tracy, Edna, LinkHairspray
64.7%
Curly, Jud, LaureyOklahoma!
52.7%
Deuteronomy, Demeter, GrizabellaCats
50.5%
Nathan, Sarah, AdelaideGuys and Dolls
48.6%
Wendla, Moritz, MelchiorSpring Awakening
44.5%
Cervantes, Aldonza, SanchoMan of La Mancha
42.8%
Characters Musical % Correct
Sally, Emcee, CliffCabaret
39.9%
Kate, Princeton, RodAvenue Q
39.2%
Rose, Louise, HerbieGypsy
34.7%
Nellie, Emille, Bloody MarySouth Pacific
32.3%
Pseudolous, Hysterium, HeroA Funny Thing Happened On the Way to the Forum
30.8%
Donna, Sophie, HarryMamma Mia!
26.1%
Diana, Mike, CassieA Chorus Line
24.6%
Claude, Berger, SheilaHair
20.5%
Desiree, Frederik, HenrikA Little Night Music
13.7%
Julie, Andy, GaylordShow Boat
8%

You're not logged in!

Compare scores with friends on all Sporcle quizzes.
OR
Log In

Sporcle TV

Today on Sporcle TV


Watch our educational content, quiz creation guides, and fun videos on Sporcle TV.

Show Comments

Extras

Top Quizzes Today


Score Distribution

Your Account Isn't Verified!

In order to create a playlist on Sporcle, you need to verify the email address you used during registration. Go to your Sporcle Settings to finish the process.

Report this User

Report this user for behavior that violates our Community Guidelines.

Details: